शुद्ध विषयों में चेतना प्रसारण/ (Record no. 203447)

MARC details
000 -LEADER
fixed length control field 00708nam a22001817a 4500
005 - DATE AND TIME OF LATEST TRANSACTION
control field 20240603144017.0
010 ## - LCCN (DPL NO)
LC control number HIN-127782
020 ## - INTERNATIONAL STANDARD BOOK NUMBER
Terms of availability 1000.00
International Standard Book Number 978-93-94928-49-7
035 ## - SYSTEM CONTROL NUMBER
System control number HN-100128
037 ## - SOURCE OF ACQUISITION
Source of stock number/acquisition DBAD
082 ## - DEWEY DECIMAL CLASSIFICATION NUMBER
Classification number 126
100 ## - MAIN ENTRY--PERSONAL NAME
Personal name श्रचन्दानी, सुरेश कुमार
245 ## - TITLE STATEMENT
Title शुद्ध विषयों में चेतना प्रसारण/
250 ## - EDITION STATEMENT
Edition statement 1
300 ## - PHYSICAL DESCRIPTION
Extent 101 प्.
Dimensions 22 से.मी. (अजिल्द).
500 ## - GENERAL NOTE
General note यह किताब जीवन को सरल बनाने के तरीके बताती हैं
942 ## - ADDED ENTRY ELEMENTS (KOHA)
Source of classification or shelving scheme Dewey Decimal Classification
Item type Hindi Books
Classification part 126
Call number suffix श्रीचसु
Edition 1
Holdings
Withdrawn status Lost status Not for loan Collection code Home library Current library Date acquired Cost, normal purchase price Full call number Barcode Copy number Cost, replacement price Koha item type
      Non-fiction Central Jail Tihar Central Jail Tihar 03/06/2024 1000.00 126 श्रीचंदा HN-100128 1 1000.00 Hindi Books

© Delhi Public Library
Hit Counter
free hit counter